| 000 | 00462nam a2200133Ia 4500 | ||
|---|---|---|---|
| 008 | 220620s9999||||xx |||||||||||||| ||und|| | ||
| 022 | _a2192-8568 | ||
| 100 | _aThomas Hoeren||Barbara Kolany-Raiser | ||
| 245 | 0 | _aBig Data in Context: Legal, Social and Technological Insights | |
| 546 | _aEnglish[eng] | ||
| 650 | _adata mining||predictive analytics||privacy||data protection | ||
| 856 | _uhttps://link.springer.com/book/10.1007/978-3-319-62461-7 | ||
| 942 | _cEB | ||
| 999 |
_c31351 _d31351 |
||